College Football Matchups: Nebraska - Statistics

General Stats
  • This quiz has been taken 290 times
    38 since last reset
  • The average score is 13 of 16
Answer Stats
Games Opponent Subdivision % Correct
73 Colorado Power 4
97%
56 Iowa Power 4
97%
88 Oklahoma Power 4
97%
117 Kansas Power 4
94%
95 Kansas State Power 4
94%
106 Iowa State Power 4
90%
65 Minnesota Power 4
90%
18 Wisconsin Power 4
90%
22 Illinois Power 4
84%
104 Missouri Power 4
84%
43 Oklahoma State Power 4
84%
18 Northwestern Power 4
81%
23 Indiana Power 4
74%
19 Penn State Power 4
55%
17 South Dakota FCS
48%
24 Pittsburgh Power 4
26%
No matching quizzes found
Score Distribution
Percent of People with Each Score
Percentile by Number Answered
Your Score History
You have not taken this quiz since the last reset